000 00796nas a2200241 454500
001 56842
005 20260407193512.0
008 260407s2013####ag###########|||spa#d
003 AR-UNSa-BCEJYS
040 _aAR-UNSa-BCEJYS
_bspa
_cAR-UNSa-BCEJYS
080 _a658:631.1
_xAdministración de empresas agropecuarias(maquinarias, etc.)
245 1 0 _aConsultor agropecuario
264 1 _aBuenos Aires :
_bErrepar
_c2013
310 _aFrecuencia: Bimestral
041 _aspa
942 _cSER
590 _aniveau_biblio:s niveau_hierar:1
100 1 _aChiaradía, Claudia A.
650 _aIMPUESTOS
650 _aADMINISTRACION DE EMPRESAS AGROPECUARIAS
650 _aACTIVIDAD AGROPECUARIA
856 4 1 _uhttps://biblioeco.unsa.edu.ar/pmb/images/revistas/R10461.jpg
_yImagen de portada
_qimage/jpeg
999 _c8980
_d8980